| 000 | 00469nam a22001457a 4500 | ||
|---|---|---|---|
| 003 | OSt | ||
| 005 | 20260128110841.0 | ||
| 008 | 220106b ||||| |||| 00| 0 eng d | ||
| 040 | _cAIMIT LIBRARY | ||
| 100 |
_aSebastian, Twinkle; Godwin, Benny. _912620 |
||
| 245 | _aProject Report on the Brand Loyalty Towards am Rubber Products in Kottayam District / | ||
| 260 |
_aA M Rubber Industries, Kerala _bBenny Godwin _c2017 |
||
| 856 | _uwww.amrubbers.in | ||
| 942 |
_2ddc _cPRO |
||
| 999 |
_c221108 _d221108 |
||